00380nam a2200145Ia 4500008004100000020001500041041001200056100002000068245005700088250000800145260003900153300000800192650001600200700001800216221030s9999 xx 000 0 und d a9332550230 aEnglish aA. V. Oppenheim 0aSignals & Systemscby A. V. Oppenheim, A. S. Willsky a2nd bPearson EducationaNew Delhic2016 a944 aBB Computer aA. S. Willsky